| 000 | 00834nam a2200253 i 4500 | ||
|---|---|---|---|
| 001 | 000038104 | ||
| 003 | DO-SdBNP | ||
| 005 | 20240117073041.0 | ||
| 007 | ta | ||
| 008 | 110427s1907 dr 000 0 spa d | ||
| 040 |
_aDO-SdBNP _bspa _cBNPHU _erda |
||
| 082 |
_222 _bI597 |
||
| 110 |
_984770 _aInstituto Profesional de Santo Domingo. _bFacultad de Derecho Civil |
||
| 245 | 1 |
_aTesis para la licenciatura : _bel acto será sustentado por José Pérez Nolasco bachiller en letras y ciencias |
|
| 264 |
_aSanto Domingo : _bImprenta La Cuna de America, _c1907 |
||
| 300 |
_a47 paginas ; _c26 cm. |
||
| 336 |
_2rdacontent _atexto _btxt |
||
| 337 |
_2rdamedia _asin mediación _bn |
||
| 338 |
_2rdacarrier _avolumen _bnc |
||
| 500 | _aTesis para la licenciatura | ||
| 590 | _aInventariado, 2024/ DG | ||
| 910 | _aDG | ||
| 942 |
_2ddc _cLBS1 |
||
| 999 |
_c55698 _d55698 |
||